000 00387nam a2200133Ia 4500
005 20260326100039.0
008 260326s9999||||xx |||||||||||||| ||und||
100 _aMinistry of Construction
245 0 _aGuide Book to Japanese Architecture :
_b Modern /
_cMinistry of Construction
260 _bMinistry of Construction
300 _a52 p.
650 _aARQUITECTURA REGIONAL
942 _cBK
999 _c6943
_d6943